27 Amendments in 4 words - Statistics

General Stats
  • This quiz has been taken 480 times
  • The average score is 14 of 27
Answer Stats
Hint Answer % Correct
Right to bear arms 2nd Amendment
83%
Speech, religion, assembly, petition 1st Amendment
75%
No quartering of soldiers 3rd Amendment
66%
Birthright citizenship, no insurrection 14th Amendment
62%
Prohibition of intoxicating liquors 18th Amendment
60%
Amendment that abolished slavery 13th Amendment
59%
All genders can vote 19th Amendment
59%
Unreasonable search and seizure 4th Amendment
58%
All races can vote 15th Amendment
54%
Repealed the 18th Amendment 21st Amendment
53%
Double jeopardy, due process 5th Amendment
51%
Power reserved for states 10th Amendment
50%
Only 2 presidential terms 22nd Amendment
49%
Congress raising their salary 27th Amendment
49%
Congress can tax income 16th Amendment
46%
Voting age becomes 18 26th Amendment
46%
Speedy trial, impartial jury 6th Amendment
46%
Excessive bail, cruel punishment, 8th Amendment
46%
Electoral votes for DC 23rd Amendment
45%
Senators elected by people 17th Amendment
44%
People's rights not listed 9th Amendment
44%
Inauguration becomes January 20th 20th Amendment
41%
Only sue home state 11th Amendment
38%
Civil cases over $20 7th Amendment
34%
Abolished the poll taxes 24th Amendment
32%
Vice president becomes president 25th Amendment
32%
President and Vice President 12th Amendment
29%
No matching quizzes found
Score Distribution
Percent of People with Each Score
Percentile by Number Answered
Your Score History
You have not taken this quiz